[Event "Nittenau-ch 14th"]
[Site "Nittenau"]
[Date "2014.09.05"]
[Round "1"]
[White "Barna, Janos"]
[Black "Dechant, Georg"]
[Result "0-1"]
[WhiteElo "1244"]
[BlackElo "1817"]
[PlyCount "80"]
[EventDate "2014.09.05"]
[EventType "swiss"]
[EventRounds "5"]
[EventCountry "GER"]
[SourceTitle "CBM 162 Extra"]
[Source "ChessBase"]
[SourceDate "2014.10.17"]
[SourceVersion "1"]
[SourceVersionDate "2014.10.17"]
[SourceQuality "1"]

1. e4 c5 2. Nf3 Nc6 3. d4 cxd4 4. Nxd4 Qc7 5. Nc3 e6 6. a3 a6 7. Nf3 Nf6 8. Bd3 Be7 9. 0-0 0-0 10. Be3 b5 11. Bg5 Bb7 12. Re1 Rfe8 13. Ne2 d5 14. exd5 Nxd5 15. Qc1 Bd6 16. Ng3 Rac8 17. c3 Ne5 18. Nxe5 Bxe5 19. Be4 f5 20. Bxd5 Bxd5 21. f4 Bd6 22. Qd2 h6 23. Nxf5 Bc5+ 24. Nd4 hxg5 25. b4 Bxd4+ 26. cxd4 Qxf4 27. Qxf4 gxf4 28. Re2 Rc4 29. Rd2 Rec8 30. h4 Rc2 31. Rad1 Rxd2 32. Rxd2 Rc3 33. Rf2 f3 34. g4 Rxa3 35. Rd2 Rb3 36. Kf2 Rxb4 37. Ke3 a5 38. Kd3 a4 39. Kc3 Rb3+ 40. Kc2 Be4+ 0-1

[Event "Stuttgart-chC int"]
[Site "Ditzingen"]
[Date "2014.05.30"]
[Round "5"]
[White "Barna, Janos"]
[Black "Ungerer, Tobias"]
[Result "1-0"]
[WhiteElo "1252"]
[BlackElo "1045"]
[PlyCount "101"]
[EventDate "2014.05.29"]
[EventType "swiss"]
[EventRounds "7"]
[EventCountry "GER"]
[SourceTitle "EXT 2015"]
[Source "ChessBase"]
[SourceDate "2014.11.20"]
[SourceVersion "1"]
[SourceVersionDate "2014.11.20"]
[SourceQuality "1"]

1. e4 e5 2. Nf3 Nc6 3. d4 exd4 4. Nxd4 d6 5. c3 Nf6 6. Nxc6 bxc6 7. Qa4 Bd7 8. Bd3 c5 9. Bb5 a6 10. Bxd7+ Nxd7 11. Qc6 Be7 12. 0-0 0-0 13. f4 Nf6 14. Nd2 Ng4 15. Nf3 Ne3 16. Bxe3 Rb8 17. b3 a5 18. Rab1 Rb6 19. Qd5 Qb8 20. Qh5 Rb7 21. Nd2 Rd8 22. Rf3 a4 23. Qd5 Bf6 24. c4 Rb6 25. Qd3 Rb7 26. bxa4 Qa7 27. Rxb7 Qxb7 28. e5 dxe5 29. Qb3 Qc6 30. Nf1 exf4 31. Bf2 Qd6 32. h3 h6 33. a5 Qc6 34. Qb5 Qd6 35. Qxc5 Qa6 36. Qd5 Qd6 37. a6 Qf8 38. Qc6 Rc8 39. a7 Be7 40. Rxf4 Bd6 41. Rf3 Be7 42. Bg3 Bc5+ 43. Kh1 Bxa7 44. Bf2 Bb8 45. a4 Qb4 46. Qb5 Qd6 47. Qd5 Qb4 48. Rxf7 Kh8 49. Qe5 Rg8 50. Bd4 c6 51. Qe7 1-0